Only 10 US States on the Map #1 - Statistics

General Stats
  • This quiz has been taken 1,073 times
  • The average score is 9 of 10
Answers on the Map
Answers color-coded by a green-red scale on the quiz's map according to % correct below.
 
Answer Stats
State % Correct
Texas
100%
Washington
99%
Arizona
97%
Alabama
95%
Idaho
95%
Michigan
95%
North Dakota
95%
Kansas
91%
Pennsylvania
91%
West Virginia
89%
No matching quizzes found
Score Distribution
Percent of People with Each Score
Percentile by Number Answered
Your Score History
You have not taken this quiz